LEADER 01116nam--2200397---450- 001 990003133120203316 005 20080729094422.0 035 $a000313312 035 $aUSA01000313312 035 $a(ALEPH)000313312USA01 035 $a000313312 100 $a20080729d1966----km-y0itay0103----ba 101 $aita 102 $aIT 105 $aa|||||||001yy 200 1 $aButinone e Zenale$f[testi di Elvira Cassa Salvi] 210 $aMilano$cFabbri$d1966 215 $a[8] p., XVI p. di tav.$cill.$d36 cm 225 2 $a<> maestri del colore$v230 410 0$12001$a<> maestri del colore$v230 454 1$12001 461 1$1001-------$12001 600 0 $aButinone,$bBernardino 600 0 $aZenale,$bBernardo 676 $a759.5 700 1$aBUTINONE,$bBernardino$0219125 701 1$aZENALE,$bBernardo$0601846 702 1$aCASSA SALVI,$bElvira 801 0$aIT$bsalbc$gISBD 912 $a990003133120203316 951 $aV A 1 MC VII$b6016 DBC$cV A 959 $aBK 969 $aDBC 979 $aDBC$b90$c20080729$lUSA01$h0944 996 $aButinone e Zenale$91016885 997 $aUNISA LEADER 01265nam 2200253la 450 001 9910482618103321 005 20221102161832.0 035 $a(UK-CbPIL)2090364007 035 $a(CKB)5500000000092993 035 $a(EXLCZ)995500000000092993 100 $a20221102d1620 uy | 101 0 $alat 135 $aurcn||||a|bb| 200 10$aFlagellum daemonum. Exorcismos terribiles ... Remediaque probatissima, ac doctrinam singularem in malignos spiritus expellendos, facturasque, et maleficia fuganda de obsessis corporibus complectens; cum suis benedictionibus ... / Accessit postremo pars secunda, quae Fustis daemonum inscribitur. Quibus novi exorcismi, et al.ia ... superaddita fuerunt 210 $aVenice $cD. Milocus$d1620 215 $aOnline resource (3 pts. , (8vo)) 300 $aReproduction of original in The Wellcome Library, London. 700 $aMenghi$b Girolamo$f1529-1609.$0909614 801 0$bUk-CbPIL 801 1$bUk-CbPIL 906 $aBOOK 912 $a9910482618103321 996 $aFlagellum daemonum. Exorcismos terribiles ... Remediaque probatissima, ac doctrinam singularem in malignos spiritus expellendos, facturasque, et maleficia fuganda de obsessis corporibus complectens; cum suis benedictionibus ...$92239285 997 $aUNINA